Universalismo constructivo (Record no. 146066)

MARC details
000 -LEADER
campo de control de longitud fija 00654nam a2200193 i 4500
001 - NÚMERO DE CONTROL
campo de control 146066
003 - IDENTIFICADOR DE NÚMERO DE CONTROL
campo de control ES-MaACL
005 - FECHA Y HORA DE LA ÚLTIMA TRANSACCIÓN
campo de control 20251116063108.0
007 - CAMPO FIJO DE DESCRIPCIÓN FÍSICA--INFORMACIÓN GENERAL
campo de control de longitud fija t|
008 - DATOS DE LONGITUD FIJA--INFORMACIÓN GENERAL
campo de control de longitud fija 070730s1944 ag ||||1| spa d
100 1# - ENTRADA PRINCIPAL--NOMBRE DE PERSONA
Nombre de persona Torres-García, Joaquín,
Fechas asociadas al nombre 1874-1949
9 (RLIN) 152454
245 10 - MENCIÓN DEL TÍTULO
Título Universalismo constructivo
Resto del título : contribución a la unificación del arte y la cultura de América /
Mención de responsabilidad, etc. Joaquín Torres García.
260 ## - PUBLICACIÓN, DISTRIBUCIÓN, ETC.
Lugar de publicación, distribución, etc. Buenos Aires :
Nombre del editor, distribuidor, etc. Poseidón,
Fecha de publicación, distribución, etc. [1944]
300 ## - DESCRIPCIÓN FÍSICA
Extensión 1011 p., láms col. I-III :
Otras características físicas il. ;
Dimensiones 23 cm.
490 1# - MENCIÓN DE SERIE
Mención de serie Aristarco
830 0# - PUNTO DE ACCESO ADICIONAL DE SERIE-TÍTULO UNIFORME
Título uniforme Aristarco
9 (RLIN) 187417
852 ## - LOCALIZACIÓN
Ubicación ES-MaACL
Número de control de estantería B-1537
Sublocalización o colección R.29484
Holdings
Estatus retirado Estado de pérdida Estado de daño No para préstamo Biblioteca de origen Biblioteca actual Ubicación en estantería Fecha de adquisición Fuente de adquisición Total de préstamos Signatura topográfica completa Código de barras Visto por última vez Precio de reemplazo Tipo de ítem Koha
        Biblioteca del Ateneo de Madrid Biblioteca del Ateneo de Madrid Sala Pardo Bazán 17/01/2008     B-1537 1152460 23/02/2023 23/02/2023 Libro impreso